Systems management for information technology and software engineering

Αποθηκεύτηκε σε:
Λεπτομέρειες βιβλιογραφικής εγγραφής
Κύριος συγγραφέας: Sage, Andrew P.
Μορφή: Βιβλίο
Γλώσσα:English
Δημοσίευση: New York : Wiley, c1995.
Σειρά:Wiley series in systems engineering
Θέματα:
Ετικέτες: Προσθήκη ετικέτας
Δεν υπάρχουν, Καταχωρήστε ετικέτα πρώτοι!

MARC

LEADER 00000cam a2200000 i 4500
001 1/1418
008 000417s1995 nyu| ||| |||| ||eng||
020 |a 0471015830 
035 |l 10060011 
040 |a GR-MyUa  |b gre  |e AACR2 
041 0 |a eng 
082 7 |a 004.21   |2 (22) 
100 1 |a Sage, Andrew P. 
245 1 0 |a Systems management for information technology and software engineering /   |c Andrew P. Sage. 
260 |a New York :   |b Wiley,   |c c1995. 
300 |a xiii, 605 σ. :   |b εικ. ;   |c 25 εκ. 
490 1 |a (Wiley series in systems engineering) 
504 |a Περιλαμβάνει βιβλιογραφικές παραπομπές και ευρετήριο. 
650 0 0 |a System design. 
650 0 0 |a Information technology. 
650 0 0 |a Software engineering. 
830 0 |a Wiley series in systems engineering 
852 |a INST  |b SAMOS  |e 20000417  |h 004.21 SAG  |p 005300017620  |q 005300017620  |t BK  |y 0 
901 |a BIBL3-2000-2 
922 |a 3ΕΛΗ  |b 200003  |c ΚΠΣ  |d ΠΑΠΑΣΩΤΗΡΙΟΥ 
950 |a 116-1999-12-31 
970 |a ΓΕΝΟΥΖΟΥ  |b ΧΡΥΣΑΝΘΗ  |z 2000/05/16